| 000 | 00396nam a2200133Ia 4500 | ||
|---|---|---|---|
| 005 | 20260328101446.0 | ||
| 008 | 260328s9999||||xx |||||||||||||| ||und|| | ||
| 100 | _aWeitzmann, Kurt | ||
| 245 | 0 |
_aAge of spirituality : _b Late antique and early christian art third to seventh Century / _cKurt Weitzmann |
|
| 260 | _bThe Metropolitan Museum of Art | ||
| 300 | _a96 p. | ||
| 650 | _aARTE | ||
| 942 | _cBK | ||
| 999 |
_c8466 _d8466 |
||